| 000 | 00798nas a2200277 4500 | ||
|---|---|---|---|
| 001 | BR0505161 | ||
| 003 | BR-BrBNA | ||
| 005 | 20231205105712.0 | ||
| 007 | ta | ||
| 008 | 230509b bl.|||p| |||| 00| 00por d | ||
| 040 |
_aBR-BrBNA _bpor _cBiblioteca Nacional de Agricultura |
||
| 041 | _a(Pt) | ||
| 072 | _aL73 | ||
| 100 | 1 | _aBotteon, P. de T.L. | |
| 100 | 1 | _aBotteon, R. de C.C.M. | |
| 100 | 1 | _aReis, T.P. dos | |
| 100 | 1 | _aMassard, C.L. | |
| 245 | 1 | _aBabesiose em cavalos atletas portadores | |
| 650 | _aCAVALO DE CORRIDA | ||
| 650 | _aBABESIOSE | ||
| 650 | _aBIOQUÍMICA ANIMAL | ||
| 650 | _aDIAGNÓSTICO | ||
| 773 | 0 |
_tCiência Rural (Brazil) _xISSN 0103-8478 _g(Sep-Oct 2005), v. 35(5) p. 1136-1140 _wBR0505161 |
|
| 909 |
_a202311 _bLúcia _c55 _dLúcia Elande |
||
| 942 |
_2AGRIS _n0 _cANA |
||
| 999 |
_c184240 _d184240 |
||